| 000 | 01459nam a22002778i 4500 | ||
|---|---|---|---|
| 001 | 991025456224307026 | ||
| 003 | UkOxU | ||
| 005 | 20250404134531.0 | ||
| 008 | 230515s2023 enk 000 f eng d | ||
| 015 |
_aGBC3C4438 _2bnb |
||
| 016 | 7 |
_a021127395 _2Uk |
|
| 020 | _a9780008511760 | ||
| 035 | _a(OCoLC)1389777596 | ||
| 035 | _a(OCoLC)on1389777596 | ||
| 040 |
_aUKMGB _beng _erda _cUKMGB _dUkOxU |
||
| 041 | _aeng | ||
| 100 |
_aHeisey, Monica _eauthor _925110 |
||
| 245 | 1 | 0 |
_aReally good, actually _c/ Monica Heisey. |
| 260 |
_aLondon : _b4th Estate, _c2023. |
||
| 300 |
_a384 pages ; _c20 cm. |
||
| 520 | _aMaggie is fine. She's doing really good, actually. Sure, she's broke, her graduate thesis on something obscure is going nowhere, and her marriage only lasted 608 days, but at the ripe old age of twenty-nine, Maggie is determined to embrace her new life as a Surprisingly Young Divorcée. Now she has time to take up nine hobbies, eat hamburgers at 4 am, and "get back out there" sex-wise. With the support of her tough-loving academic advisor, Merris; her newly divorced friend, Amy; and her group chat (naturally), Maggie barrels through her first year of single life, intermittently dating, occasionally waking up on the floor and asking herself tough questions along the way. | ||
| 650 | 0 |
_aDivorced women _vFiction _924081 |
|
| 650 | 0 |
_aSingle women _x Fiction _911559 |
|
| 650 | 0 |
_aDating (Social customs) _vFiction _924124 |
|
| 942 | _2lcc | ||
| 999 |
_c4625 _d4625 |
||